000 00489nam a2200169 4500
001 127074
003 ES-MaACL
005 20230906192934.0
007 t|
008 070214s1918 sp r ||||1| spa d
100 1 _aReyes, Alfonso,
_d1889-1959
_996554
245 1 4 _aLas dolencias de Paravicino /
_cAlfonso Reyes.
260 _a[s.l.] :
_b[s.n.],
_c1918.
500 _aDe la `Revista de Filología Española`, tomo V, año 1918.
852 _aES-MaACL
_j1524-F-2
999 _c127074
_d127074